El partido agrario laborista, 1945-1958 /
Guardado en:
| Autor Principal: | |
|---|---|
| Formato: | Libro |
| Publicado: |
Santiago De Chile :
Andres Bello,
1990
|
| Materias: | |
| Etiquetas: |
Agregar Etiqueta
Sin Etiquetas, Sea el primero en etiquetar este registro!
|
| LEADER | 00491nam a22001575a 4500 | ||
|---|---|---|---|
| 001 | EHU.bham001821 | ||
| 003 | AR-BHAM | ||
| 005 | 20070321164712.0 | ||
| 008 | 130507s1990##################000#0#####d | ||
| 082 | 3 | 2 | |a 324.2 |
| 100 | 1 | |a Garay Vera, Cristian | |
| 245 | 1 | 0 | |a El partido agrario laborista, 1945-1958 / |c Cristian Garay Vera. |
| 260 | |a Santiago De Chile : |b Andres Bello, |c 1990 | ||
| 300 | |a 245 p. | ||
| 653 | |a Elecciones [sufragio] | ||
| 859 | |a AR-BHAM |b BIB. HUMANIDADES - General |h 324.2 |i G162 |p 466.94 |t Ej.1 | ||
